<?xml version="1.0" encoding="UTF-8"?>
<record
    xmlns:xsi="http://www.w3.org/2001/XMLSchema-instance"
    xsi:schemaLocation="http://www.loc.gov/MARC21/slim http://www.loc.gov/standards/marcxml/schema/MARC21slim.xsd"
    xmlns="http://www.loc.gov/MARC21/slim">

  <leader>01749nam a22003618i 4500</leader>
  <datafield tag="999" ind1=" " ind2=" ">
    <subfield code="c">29332</subfield>
    <subfield code="d">29303</subfield>
  </datafield>
  <controlfield tag="001">020196273</controlfield>
  <controlfield tag="003">EG-ScBUE</controlfield>
  <controlfield tag="005">20210808112014.0</controlfield>
  <controlfield tag="006">m|||||o||d||||||||</controlfield>
  <controlfield tag="007">cr |||||||||||</controlfield>
  <controlfield tag="008">210517s2021    enk    fo     001 0 eng d</controlfield>
  <datafield tag="020" ind1=" " ind2=" ">
    <subfield code="a">9781788978262 (PDF ebook)</subfield>
  </datafield>
  <datafield tag="040" ind1=" " ind2=" ">
    <subfield code="a">StDuBDS</subfield>
    <subfield code="b">eng</subfield>
    <subfield code="e">rda</subfield>
    <subfield code="c">StDuBDS</subfield>
    <subfield code="d">EG-ScBUE</subfield>
  </datafield>
  <datafield tag="082" ind1="0" ind2="4">
    <subfield code="a">347.014</subfield>
    <subfield code="b">SOU</subfield>
    <subfield code="2">22</subfield>
  </datafield>
  <datafield tag="100" ind1="1" ind2=" ">
    <subfield code="a">Sourdin, Tania,</subfield>
    <subfield code="e">author.</subfield>
  </datafield>
  <datafield tag="245" ind1="1" ind2="0">
    <subfield code="a">Judges, technology and artificial intelligence :</subfield>
    <subfield code="b">the artificial judge</subfield>
    <subfield code="h">[electronic resourse] /</subfield>
    <subfield code="c">Tania Sourdin, professor of law, dean, University of Newcastle, Australia.</subfield>
  </datafield>
  <datafield tag="264" ind1=" " ind2="1">
    <subfield code="a">Cheltenham :</subfield>
    <subfield code="b">Edward Elgar Publishing,</subfield>
    <subfield code="c">2021.</subfield>
  </datafield>
  <datafield tag="300" ind1=" " ind2=" ">
    <subfield code="a">1 online resource.</subfield>
  </datafield>
  <datafield tag="336" ind1=" " ind2=" ">
    <subfield code="a">text</subfield>
    <subfield code="2">rdacontent</subfield>
    <subfield code="b">txt</subfield>
  </datafield>
  <datafield tag="337" ind1=" " ind2=" ">
    <subfield code="a">computer</subfield>
    <subfield code="2">rdamedia</subfield>
    <subfield code="b">c</subfield>
  </datafield>
  <datafield tag="338" ind1=" " ind2=" ">
    <subfield code="a">online resource</subfield>
    <subfield code="2">rdacarrier</subfield>
    <subfield code="b">cr</subfield>
  </datafield>
  <datafield tag="490" ind1="0" ind2=" ">
    <subfield code="a">Elgar law, technology and society</subfield>
  </datafield>
  <datafield tag="500" ind1=" " ind2=" ">
    <subfield code="a">Includes index.</subfield>
  </datafield>
  <datafield tag="588" ind1=" " ind2=" ">
    <subfield code="a">Description based on print version record and CIP data provided by publisher.</subfield>
  </datafield>
  <datafield tag="650" ind1=" " ind2="7">
    <subfield code="a">Judges.</subfield>
    <subfield code="2">BUEsh</subfield>
    <subfield code="9">24946</subfield>
  </datafield>
  <datafield tag="650" ind1=" " ind2="7">
    <subfield code="a">Justice, Administration of</subfield>
    <subfield code="x">Technological innovations.</subfield>
    <subfield code="2">BUEsh</subfield>
  </datafield>
  <datafield tag="650" ind1=" " ind2="7">
    <subfield code="a">Artificial intelligence.</subfield>
    <subfield code="2">BUEsh</subfield>
  </datafield>
  <datafield tag="653" ind1=" " ind2=" ">
    <subfield code="b">LLAAWW</subfield>
    <subfield code="c">August2021</subfield>
  </datafield>
  <datafield tag="655" ind1=" " ind2=" ">
    <subfield code="v">Reading book</subfield>
    <subfield code="9">34232</subfield>
  </datafield>
  <datafield tag="776" ind1="0" ind2="8">
    <subfield code="i">Print version :</subfield>
    <subfield code="a">Sourdin, Tania.</subfield>
    <subfield code="t">Judges, technology and artificial intelligence : the artificial judge.</subfield>
    <subfield code="d">Cheltenham : Edward Elgar Publishing, 2021.</subfield>
    <subfield code="z">9781788978255</subfield>
    <subfield code="w">(DLC) 1227693508</subfield>
  </datafield>
  <datafield tag="856" ind1="4" ind2="0">
    <subfield code="u">https://ezproxy.bue.edu.eg/login?url=http://search.ebscohost.com/login.aspx?direct=true&amp;db=nlebk&amp;AN=2938119&amp;site=eds-live&amp;ebv=EB&amp;ppid=pp_306</subfield>
    <subfield code="y">https://ezproxy.bue.edu.eg/login?url=http://search.ebscohost.com/login.aspx?direct=true&amp;db=nlebk&amp;AN=2938119&amp;site=eds-live&amp;ebv=EB&amp;ppid=pp_306</subfield>
  </datafield>
  <datafield tag="942" ind1=" " ind2=" ">
    <subfield code="2">ddc</subfield>
    <subfield code="c">BB</subfield>
  </datafield>
  <datafield tag="952" ind1=" " ind2=" ">
    <subfield code="0">0</subfield>
    <subfield code="1">0</subfield>
    <subfield code="2">ddc</subfield>
    <subfield code="4">0</subfield>
    <subfield code="7">0</subfield>
    <subfield code="a">MAIN</subfield>
    <subfield code="b">MAIN</subfield>
    <subfield code="c">1ST</subfield>
    <subfield code="d">2021-08-08</subfield>
    <subfield code="l">0</subfield>
    <subfield code="o">347.014 SOU</subfield>
    <subfield code="r">2021-08-08 00:00:00</subfield>
    <subfield code="u">https://ezproxy.bue.edu.eg/login?url=http://search.ebscohost.com/login.aspx?direct=true&amp;db=nlebk&amp;AN=2938119&amp;site=eds-live&amp;ebv=EB&amp;ppid=pp_306</subfield>
    <subfield code="w">2021-08-08</subfield>
    <subfield code="y">BB</subfield>
  </datafield>
</record>
